Statistics for Our Globe on an Empty Map

Click here to take the quiz!

General Stats

  • This quiz has been taken 896 times
  • The average score is 123 of 142

Answer Stats

Countries % Correct
United States
99%
Russia
98%
United Kingdom
97%
Canada
96%
France
96%
Germany
96%
Italy
95%
Finland
95%
China
95%
Spain
95%
Sweden
95%
Norway
94%
Poland
94%
Egypt
94%
Denmark
94%
Austria
94%
Switzerland
94%
Portugal
93%
Turkey
93%
India
93%
Ukraine
93%
Morocco
93%
Algeria
93%
Iran
92%
Latvia
92%
Iraq
92%
Saudi Arabia
92%
Brazil
92%
Libya
92%
Niger
92%
Romania
92%
Czech Republic
92%
Slovakia
92%
Greece
92%
Pakistan
91%
Chad
91%
Sudan
91%
Kazakhstan
91%
Democratic Republic
of the Congo
91%
Lithuania
91%
Israel
91%
Hungary
91%
Nigeria
91%
Croatia
91%
Slovenia
91%
Belgium
91%
Belarus
91%
Yemen
90%
Mali
90%
Bosnia and Herzegovina
90%
Ireland
90%
Ethiopia
90%
Serbia
90%
Republic of the Congo
90%
Oman
90%
South Sudan
90%
South Africa
90%
Estonia
90%
Afghanistan
89%
Bulgaria
89%
Kosovo
89%
Netherlands
89%
Mauritania
88%
Uzbekistan
88%
Jordan
88%
Angola
88%
Turkmenistan
88%
Syria
88%
Albania
88%
Luxembourg
88%
Macedonia
88%
Kenya
88%
Andorra
88%
Central African Republic
87%
Côte d'Ivoire
87%
Mongolia
87%
Vatican City
87%
Malta
87%
Iceland
87%
Ghana
87%
Montenegro
87%
Uganda
87%
Tunisia
87%
Somalia
87%
Guinea
86%
San Marino
86%
Namibia
86%
United Arab Emirates
86%
Moldova
86%
Senegal
86%
Tajikistan
86%
Georgia
86%
Cameroon
86%
Liechtenstein
85%
Tanzania
85%
Zambia
85%
Zimbabwe
85%
Armenia
85%
Azerbaijan
85%
Qatar
84%
Togo
84%
Burkina Faso
84%
Liberia
84%
Kyrgyzstan
84%
Botswana
84%
Benin
83%
Eritrea
83%
Lebanon
83%
Cyprus
83%
Cuba
83%
Guinea-Bissau
83%
Bahrain
83%
Rwanda
83%
Gambia
83%
Gabon
83%
Mozambique
82%
Djibouti
82%
Sierra Leone
82%
Monaco
82%
Kuwait
81%
Malawi
81%
Equatorial Guinea
80%
Cape Verde
79%
Suriname
79%
Haiti
78%
Burundi
78%
Guyana
78%
São Tomé and Príncipe
77%
Dominica
77%
Nepal
76%
St. Kitts and Nevis
75%
St. Lucia
74%
St. Vincent and
the Grenadines
74%
Dominican Republic
74%
Bahamas
74%
Barbados
73%
Trinidad and Tobago
72%
Antigua and Barbuda
70%
Venezuela
69%
Grenada
68%
Comoros
60%
Palestine
41%

Score Distribution

Percentile by Number Answered

Percent of People with Each Score

Your Score History

You have not taken this quiz